00400nam a2200157Ia 4500008004100000020001400041050001400055100002200069245002400091245005000115260001300165260001400178260000900192300001500201300002600216180207s9999 xx 000 0 und d a435903764 bC692 2000 aColeman, Michael. aYou noisy monkey! / cMichael Coleman ; illustrated by Tim Warnes / aLondon : bHeineman, c2000 a16 pages : bcolor illustrations ;